000 00536nam a2200157 i 4500
001 23678
003 ES-MaACL
007 t|
008 021211s1961 sp ||||1| spa d
100 1 _aAmbruzz, Luis M.
_921180
245 1 0 _aJesús ayer, hoy y para siempre
_b: alimento del alma cristiana /
_cLuis M. Ambruzz ; traducción del italiano por P. Sánchez Vallejo.
260 _aSantander :
_bSal Terrae,
_c1961.
300 _a736 p. :
_b1 map. ;
_c19 cm.
700 1 _aSánchez Vallejo, P.
_9102967
852 _aES-MaACL
_jE-2447
_bR.47688
999 _c23678
_d23678